LEADER 01207nam0 2200313 450 001 000022277 005 20090130113528.0 100 $a20090130d1985----km-y0itay50------ba 101 0 $aita 102 $aIT 105 $ay-------001yy 200 1 $aUniversità & ricerca$eatti dell'8. Congresso nazionale del CNU, Roma 1984$etavole rotonde: Risorse economiche delle Università, Università e mondo della produzione$fComitato nazionale universitario$gvolume a cura di Piero A. Milani 210 $aPavia$cLogos international$d[1985] 215 $a306 p.$d24 cm 225 2 $aCollana scientifica 410 0$12001$aCollana scientifica 500 10$aUniversità & ricerca$947171 517 1 $aUniversità e ricerca 517 1 $aRisorse economiche delle università 517 1 $aUniversità e mondo della produzione 610 1 $aUniversità$aItalia$aCongressi 676 $a378$v18$9Istruzione superiore universitaria 702 1$aMilani,$bPiero Angelo$4070 710 02$aComitato nazionale universitario$4070$0452262 801 0$aIT$bUNIPARTHENOPE$c20090130$gRICA$2UNIMARC 912 $a000022277 951 $aS 378/1$bS B, 1355$cDSA$d2009 996 $aUniversità & ricerca$947171 997 $aUNIPARTHENOPE